[Event "DVM U20 2022"]
[Site "Münster GER"]
[Date "2022.12.29"]
[Round "6"]
[White "Hoffmann, Kay"]
[Black "Faßhauer, Jacob"]
[Result "1-0"]
[Termination "normal"]
[Board "4.4"]
[WhiteElo "1708"]
[BlackElo "2127"]
[WhiteClock "01:06:41"]
[BlackClock "00:20:04"]
[WhiteTeam "Barnimer Schachfreunde im SV Stahl Finow e.V."]
[BlackTeam "Schachgemeinschaft Leipzig"]
[PlyCount "53"]
[WhiteFideId "16227000"]
[BlackFideId "12990167"]
[EventCountry "GER"]
[EventRounds "7"]
[EventType "team-swiss"]
[EventDate "2022.12.26"]

1. d4 {[%emt 0:00:02]} Nf6 {[%emt 0:00:12]} 2. Bf4 {[%emt 0:00:06]} d5 {[%emt
0:01:47]} 3. e3 {[%emt 0:00:06]} c5 {[%emt 0:01:40]} 4. c3 {[%emt 0:00:04]} Nc6
{[%emt 0:01:13]} 5. Nf3 {[%emt 0:00:04]} Qb6 {[%emt 0:02:41]} 6. Qc2 {[%emt
0:00:13]} g6 {[%emt 0:02:52]} 7. Be2 {[%emt 0:05:45]} Bg7 {[%emt 0:02:47]} 8.
Nbd2 {[%emt 0:01:01]} O-O {[%emt 0:04:39]} 9. O-O {[%emt 0:00:17]} cxd4 {[%emt
0:06:18]} 10. exd4 {[%emt 0:00:17]} Nh5 {[%emt 0:03:01]} 11. Be3 {[%emt
0:03:32]} f5 {[%emt 0:04:23]} 12. Nb3 {[%emt 0:06:32]} a5 {[%emt 0:10:14]} 13.
Nc5 {[%emt 0:06:29]} f4 {[%emt 0:18:12]} 14. Bd2 {[%emt 0:00:09]} e5 {[%emt
0:00:27]} 15. Na4 {[%emt 0:00:09]} Qc7 {[%emt 0:01:40]} 16. Nxe5 {[%emt
0:02:11]} Bxe5 {[%emt 0:03:49]} 17. dxe5 {[%emt 0:01:21]} Nxe5 {[%emt 0:09:38]}
18. Bxh5 {[%emt 0:03:08]} gxh5 {[%emt 0:00:14]} 19. Rfe1 {[%emt 0:01:53]} Ra6
{[%emt 0:04:09]} 20. Nc5 Rg6 21. Nd3 Nf3 22. Kh1 Nxe1 23. Nxe1 h4 24. Qd3 Qf7
25. Nf3 Bf5 26. Qd4 Be4 27. c4 1-0

[Event "DVM U20 2022"]
[Site "Münster GER"]
[Date "2022.12.29"]
[Round "6"]
[White "Enxing, Philemon"]
[Black "Schulz, Jannis"]
[Result "0-1"]
[Termination "normal"]
[Board "4.5"]
[WhiteElo "1828"]
[BlackElo "1731"]
[WhiteClock "00:50:47"]
[BlackClock "00:33:18"]
[WhiteTeam "Schachgemeinschaft Leipzig"]
[BlackTeam "Barnimer Schachfreunde im SV Stahl Finow e.V."]
[PlyCount "118"]
[WhiteFideId "16217632"]
[BlackFideId "16224710"]
[EventCountry "GER"]
[EventRounds "7"]
[EventType "team-swiss"]
[EventDate "2022.12.26"]

1. e4 c6 {[%emt 0:00:05]} 2. d4 {[%emt 0:00:05]} d5 {[%emt 0:00:04]} 3. exd5
{[%emt 0:00:10]} cxd5 {[%emt 0:00:04]} 4. c4 {[%emt 0:00:06]} Nf6 {[%emt
0:00:03]} 5. Nc3 {[%emt 0:00:20]} e6 {[%emt 0:00:07]} 6. Bg5 {[%emt 0:02:10]}
Be7 {[%emt 0:02:34]} 7. Nf3 {[%emt 0:00:19]} Nc6 {[%emt 0:05:23]} 8. a3 {[%emt
0:02:57]} O-O {[%emt 0:03:26]} 9. Bd3 {[%emt 0:00:17]} a6 {[%emt 0:16:50]} 10.
O-O {[%emt 0:00:38]} dxc4 {[%emt 0:00:57]} 11. Bxc4 {[%emt 0:00:06]} b5 {[%emt
0:00:28]} 12. Ba2 {[%emt 0:00:05]} Bb7 {[%emt 0:00:54]} 13. Qd3 {[%emt
0:00:55]} Nd5 {[%emt 0:03:46]} 14. Bxe7 {[%emt 0:01:26]} Ncxe7 {[%emt 0:01:15]}
15. Rac1 {[%emt 0:08:53]} Nf4 {[%emt 0:19:03]} 16. Qe3 {[%emt 0:04:52]} Ned5
{[%emt 0:04:24]} 17. Nxd5 {[%emt 0:01:13]} Nxd5 {[%emt 0:00:05]} 18. Qe5 {[%emt
0:01:13]} Rc8 {[%emt 0:02:24]} 19. Bb1 {[%emt 0:03:26]} Nf6 {[%emt 0:05:02]}
20. Rxc8 {[%emt 0:20:29]} Qxc8 {[%emt 0:00:22]} 21. Qe3 Rd8 22. Rd1 Qc6 23. h3
Qd6 24. Ne5 h6 25. Kh1 Nd7 26. Qd3 Nxe5 27. dxe5 Qxd3 28. Rxd3 Rc8 29. Rd1 Bd5
30. Kh2 Kf8 31. Kg3 Ke7 32. f3 Rc5 33. Rd2 f6 34. exf6 Kxf6 35. Kf4 a5 36. Ke3
b4 37. axb4 axb4 38. Be4 Ke5 39. Bxd5 exd5 40. g3 Ke6 41. Rd4 Rb5 42. Rg4 Kf6
43. Kd3 g6 44. Kc2 h5 45. Rf4 Ke5 46. Kb3 Rb7 47. Rxb4 Rxb4 48. Kxb4 Kd4 49. g4
Ke3 50. gxh5 gxh5 51. f4 Kxf4 52. Kc5 Ke4 53. b4 d4 54. b5 d3 55. b6 d2 56. b7
d1=Q 57. b8=Q Qd4 58. Kc6 Qd5 59. Kc7 Qe5 0-1

[Event "DVM U20 2022"]
[Site "Münster GER"]
[Date "2022.12.29"]
[Round "6"]
[White "Beyer, Clemens"]
[Black "Wang, Ruiming"]
[Result "1-0"]
[Termination "normal"]
[Board "4.6"]
[WhiteElo "1768"]
[BlackElo "1808"]
[WhiteClock "00:30:47"]
[BlackClock "00:58:10"]
[WhiteTeam "Barnimer Schachfreunde im SV Stahl Finow e.V."]
[BlackTeam "Schachgemeinschaft Leipzig"]
[PlyCount "123"]
[WhiteFideId "16245407"]
[BlackFideId "16217659"]
[EventCountry "GER"]
[EventRounds "7"]
[EventType "team-swiss"]
[EventDate "2022.12.26"]

1. d4 {[%emt 0:00:04]} Nf6 {[%emt 0:00:07]} 2. Bf4 {[%emt 0:00:05]} g6 {[%emt
0:00:07]} 3. Nc3 {[%emt 0:00:10]} d5 {[%emt 0:00:21]} 4. h4 {[%emt 0:00:52]} h5
{[%emt 0:00:15]} 5. e3 {[%emt 0:00:22]} Bg7 {[%emt 0:00:21]} 6. Nf3 {[%emt
0:00:23]} O-O {[%emt 0:00:12]} 7. Be2 {[%emt 0:03:56]} c5 {[%emt 0:00:20]} 8.
Ne5 {[%emt 0:03:37]} Nc6 {[%emt 0:04:07]} 9. O-O {[%emt 0:16:41]} cxd4 {[%emt
0:04:58]} 10. exd4 {[%emt 0:01:24]} Bf5 {[%emt 0:03:00]} 11. Nxc6 {[%emt
0:09:00]} bxc6 {[%emt 0:00:05]} 12. Qd2 {[%emt 0:05:45]} Kh7 {[%emt 0:04:01]}
13. Rfd1 {[%emt 0:06:23]} Re8 {[%emt 0:03:02]} 14. g3 {[%emt 0:08:51]} Qc8
{[%emt 0:03:52]} 15. Be5 {[%emt 0:02:28]} Rf8 {[%emt 0:12:30]} 16. Bd3 {[%emt
0:06:07]} Bxd3 {[%emt 0:03:04]} 17. Qxd3 {[%emt 0:00:28]} Qh3 {[%emt 0:00:31]}
18. Qf1 {[%emt 0:02:03]} Qf5 19. Qd3 Qxd3 20. Rxd3 Bh6 21. Bxf6 exf6 22. Na4
Rab8 23. b3 Rfe8 24. Kf1 g5 25. Nc5 Re7 26. Re1 Rxe1 27. Kxe1 Re8 28. Kf1 Kg6
29. c4 Rd8 30. cxd5 Rxd5 31. b4 Bf8 32. Ke2 gxh4 33. gxh4 f5 34. Rg3 Kh6 35.
Kd3 Bg7 36. Nb3 Bf6 37. Rh3 Kg7 38. a4 Kf8 39. Kc4 a6 40. Rd3 f4 41. Nc5 Bxh4
42. Nxa6 Rd8 43. Rf3 Bg5 44. Nc5 Kg7 45. b5 cxb5 46. axb5 Rb8 47. Nd7 Rb7 48.
Ne5 f6 49. Nc6 Kf8 50. d5 Ke8 51. Kc5 Kd7 52. Ra3 f5 53. d6 h4 54. b6 f3 55.
Rxf3 Bd2 56. Rxf5 Ke6 57. Nd4 Kd7 58. Rf7 Kc8 59. Rf8 Kd7 60. Nb5 Ke6 61. Nc7
Kd7 62. Rf7 1-0

[Event "DVM U20 2022"]
[Site "Münster GER"]
[Date "2022.12.29"]
[Round "6"]
[White "Biermann, Lenhard"]
[Black "Lohr, Maximilian"]
[Result "1/2-1/2"]
[Termination "normal"]
[Board "5.1"]
[WhiteElo "2086"]
[BlackElo "2133"]
[WhiteClock "00:46:43"]
[BlackClock "00:42:39"]
[WhiteTeam "Schachgesellschaft Bochum 1931"]
[BlackTeam "FC Ergolding 1932 e.V."]
[PlyCount "118"]
[WhiteFideId "12970077"]
[BlackFideId "12999717"]
[EventCountry "GER"]
[EventRounds "7"]
[EventType "team-swiss"]
[EventDate "2022.12.26"]

1. d4 {[%emt 0:00:02]} Nf6 {[%emt 0:00:09]} 2. c4 {[%emt 0:00:13]} g6 {[%emt
0:00:07]} 3. Nc3 {[%emt 0:00:17]} Bg7 {[%emt 0:00:16]} 4. Nf3 {[%emt 0:01:05]}
d6 {[%emt 0:00:26]} 5. Bf4 {[%emt 0:00:31]} O-O {[%emt 0:00:19]} 6. e3 {[%emt
0:00:03]} c5 {[%emt 0:04:40]} 7. Be2 {[%emt 0:00:31]} Nbd7 {[%emt 0:03:43]} 8.
O-O {[%emt 0:00:53]} Nh5 {[%emt 0:06:08]} 9. Bg3 {[%emt 0:01:12]} Nxg3 {[%emt
0:01:22]} 10. hxg3 {[%emt 0:00:02]} b6 {[%emt 0:11:02]} 11. Qc2 {[%emt
0:06:04]} cxd4 {[%emt 0:03:28]} 12. exd4 {[%emt 0:01:12]} Bb7 {[%emt 0:00:07]}
13. Rad1 {[%emt 0:03:21]} Rc8 {[%emt 0:01:36]} 14. Rfe1 {[%emt 0:05:53]} Qc7
{[%emt 0:01:59]} 15. Bf1 {[%emt 0:04:21]} Rfe8 {[%emt 0:00:47]} 16. Qa4 {[%emt
0:01:11]} a6 {[%emt 0:08:58]} 17. Qb3 {[%emt 0:04:44]} Qb8 {[%emt 0:07:04]} 18.
a4 {[%emt 0:12:56]} Qa7 {[%emt 0:04:33]} 19. Ne4 {[%emt 0:08:53]} Rb8 20. Qa3
Bc6 21. b4 Qa8 22. d5 Bb7 23. Qb3 a5 24. b5 Nc5 25. Nxc5 bxc5 26. Ng5 h6 27.
Ne4 Rbd8 28. Qf3 f5 29. Nd2 e5 30. Nb3 Qa7 31. Qc3 Ra8 32. Qd2 Kh7 33. Bd3 Bc8
34. f3 Bf6 35. Kf2 Bg5 36. Qc3 Rf8 37. Kg1 Bf6 38. Qd2 Bg5 39. Qc3 h5 40. Re2
Kg7 41. f4 Bf6 42. fxe5 dxe5 43. Bc2 Bd7 44. Qe3 Rfc8 45. d6 Be6 46. d7 Bxd7
47. b6 Qb7 48. Nxc5 Rxc5 49. Qxc5 Rc8 50. Qxa5 e4 51. Bb3 Bc6 52. c5 Ra8 53.
Qb4 Be5 54. Qc4 Qe7 55. Re3 Rf8 56. Rf1 h4 57. gxh4 Qxh4 58. g3 Bxg3 59. Qc3
Rf6 {Rest nicht nachvollziehbar} 1/2-1/2

[Event "DVM U20 2022"]
[Site "Münster GER"]
[Date "2022.12.29"]
[Round "6"]
[White "Mooser, Nicolas"]
[Black "Biermann, Florian"]
[Result "1-0"]
[Termination "normal"]
[Board "5.2"]
[WhiteElo "2095"]
[BlackElo "2113"]
[WhiteClock "00:31:56"]
[BlackClock "00:58:54"]
[WhiteTeam "FC Ergolding 1932 e.V."]
[BlackTeam "Schachgesellschaft Bochum 1931"]
[PlyCount "105"]
[WhiteFideId "12979406"]
[BlackFideId "12970069"]
[EventCountry "GER"]
[EventRounds "7"]
[EventType "team-swiss"]
[EventDate "2022.12.26"]

1. d4 {[%emt 0:00:02]} e6 {[%emt 0:00:09]} 2. c4 {[%emt 0:00:08]} f5 {[%emt
0:00:07]} 3. g3 {[%emt 0:00:12]} Nf6 {[%emt 0:00:06]} 4. Bg2 {[%emt 0:00:05]}
Be7 {[%emt 0:00:11]} 5. Nf3 {[%emt 0:00:05]} d5 {[%emt 0:00:08]} 6. O-O {[%emt
0:00:06]} Ne4 {[%emt 0:00:10]} 7. Qc2 {[%emt 0:04:21]} O-O {[%emt 0:01:24]} 8.
Nbd2 {[%emt 0:00:44]} Nc6 {[%emt 0:00:10]} 9. b3 {[%emt 0:05:27]} a5 {[%emt
0:00:31]} 10. a3 {[%emt 0:04:08]} Bd7 {[%emt 0:01:14]} 11. Bb2 {[%emt 0:02:07]}
Be8 {[%emt 0:00:10]} 12. Rad1 {[%emt 0:05:25]} Bh5 {[%emt 0:01:24]} 13. Nxe4
{[%emt 0:03:54]} fxe4 {[%emt 0:04:38]} 14. Ne5 {[%emt 0:00:21]} Qe8 {[%emt
0:00:26]} 15. cxd5 {[%emt 0:06:04]} exd5 {[%emt 0:00:12]} 16. Nxc6 {[%emt
0:00:08]} Qxc6 {[%emt 0:00:25]} 17. Qxc6 {[%emt 0:03:24]} bxc6 {[%emt 0:00:07]}
18. Rc1 {[%emt 0:00:59]} Ra6 {[%emt 0:18:16]} 19. f3 {[%emt 0:14:31]} exf3
{[%emt 0:00:43]} 20. Bxf3 {[%emt 0:00:12]} Bxf3 {[%emt 0:00:45]} 21. Rxf3
{[%emt 0:00:20]} Rxf3 {[%emt 0:00:41]} 22. exf3 {[%emt 0:00:20]} Rb6 {[%emt
0:00:58]} 23. Rc3 {[%emt 0:08:02]} Bf6 {[%emt 0:00:45]} 24. Rd3 {[%emt
0:00:31]} Rb7 {[%emt 0:04:05]} 25. Bc1 {[%emt 0:02:16]} a4 {[%emt 0:04:59]} 26.
b4 {[%emt 0:01:21]} Kf7 {[%emt 0:00:17]} 27. Be3 {[%emt 0:05:53]} Ke6 {[%emt
0:02:10]} 28. Rc3 {[%emt 0:01:12]} Kd7 {[%emt 0:00:34]} 29. Kf2 {[%emt
0:00:35]} Rb8 30. Ke2 Rb5 31. Kd3 Be7 32. h4 Bd6 33. Bf4 Rb8 34. Be5 Rf8 35. f4
g6 36. Rc2 Be7 37. Ke3 h5 38. Kf3 Rf7 39. Rc1 Bd6 40. Rg1 Rh7 41. Bf6 Be7 42.
Be5 Rf7 43. g4 Rh7 44. gxh5 gxh5 45. Kg3 Ke8 46. Kh3 Kf7 47. f5 Bf8 48. Rc1 Rh6
49. f6 Bd6 50. Rxc6 Ke6 51. b5 Rh7 52. b6 Kd7 53. bxc7 1-0

[Event "DVM U20 2022"]
[Site "Münster GER"]
[Date "2022.12.29"]
[Round "6"]
[White "Prieb, Robert"]
[Black "Lichtmannecker, Daniel"]
[Result "1/2-1/2"]
[Termination "normal"]
[Board "5.3"]
[WhiteTitle "CM"]
[WhiteElo "2114"]
[BlackElo "2106"]
[WhiteClock "01:12:48"]
[BlackClock "00:55:30"]
[WhiteTeam "Schachgesellschaft Bochum 1931"]
[BlackTeam "FC Ergolding 1932 e.V."]
[PlyCount "41"]
[WhiteFideId "16212002"]
[BlackFideId "12979414"]
[EventCountry "GER"]
[EventRounds "7"]
[EventType "team-swiss"]
[EventDate "2022.12.26"]

1. d4 {[%emt 0:00:02]} Nf6 {[%emt 0:00:09]} 2. Nf3 {[%emt 0:00:18]} d5 {[%emt
0:00:14]} 3. c4 {[%emt 0:00:22]} c6 {[%emt 0:00:08]} 4. Nc3 {[%emt 0:00:45]} e6
{[%emt 0:00:08]} 5. e3 {[%emt 0:00:19]} Nbd7 {[%emt 0:00:08]} 6. Qc2 {[%emt
0:00:32]} Bd6 {[%emt 0:00:12]} 7. b3 {[%emt 0:00:33]} b6 {[%emt 0:02:52]} 8.
Be2 {[%emt 0:00:35]} Bb7 {[%emt 0:00:40]} 9. Bb2 {[%emt 0:00:32]} Qe7 {[%emt
0:01:25]} 10. O-O {[%emt 0:00:38]} O-O {[%emt 0:00:10]} 11. Rad1 {[%emt
0:01:21]} Rfd8 {[%emt 0:03:16]} 12. Rfe1 {[%emt 0:01:12]} Rac8 {[%emt 0:00:12]}
13. e4 {[%emt 0:02:33]} dxe4 {[%emt 0:01:08]} 14. Nxe4 {[%emt 0:00:13]} Nxe4
{[%emt 0:10:12]} 15. Qxe4 {[%emt 0:00:10]} Bb4 {[%emt 0:00:08]} 16. Nd2 {[%emt
0:04:50]} Qg5 {[%emt 0:06:53]} 17. Qe3 {[%emt 0:02:56]} Qxe3 {[%emt 0:04:42]}
18. fxe3 {[%emt 0:00:08]} c5 {[%emt 0:04:36]} 19. a3 {[%emt 0:03:27]} Ba5
{[%emt 0:03:32]} 20. Rf1 {[%emt 0:03:11]} Nf6 {[%emt 0:04:21]} 21. Bf3 {[%emt
0:03:30]} 1/2-1/2

[Event "DVM U20 2022"]
[Site "Münster GER"]
[Date "2022.12.29"]
[Round "6"]
[White "Astner, Sebastian"]
[Black "Gluma, Christian"]
[Result "0-1"]
[Termination "normal"]
[Board "5.4"]
[WhiteElo "1973"]
[BlackElo "2069"]
[WhiteClock "00:40:15"]
[BlackClock "00:45:41"]
[WhiteTeam "FC Ergolding 1932 e.V."]
[BlackTeam "Schachgesellschaft Bochum 1931"]
[PlyCount "74"]
[WhiteFideId "12979422"]
[BlackFideId "16223209"]
[EventCountry "GER"]
[EventRounds "7"]
[EventType "team-swiss"]
[EventDate "2022.12.26"]

1. d4 {[%emt 0:00:02]} g6 {[%emt 0:00:27]} 2. e4 {[%emt 0:00:05]} Bg7 {[%emt
0:00:05]} 3. Nc3 {[%emt 0:00:04]} c6 {[%emt 0:00:04]} 4. Be3 {[%emt 0:01:40]}
d5 {[%emt 0:00:06]} 5. e5 {[%emt 0:01:37]} f6 {[%emt 0:00:15]} 6. f4 {[%emt
0:00:56]} Nh6 {[%emt 0:00:07]} 7. h3 {[%emt 0:02:18]} O-O {[%emt 0:02:29]} 8.
Qd2 {[%emt 0:01:54]} e6 {[%emt 0:02:30]} 9. O-O-O {[%emt 0:01:34]} c5 {[%emt
0:04:01]} 10. exf6 {[%emt 0:07:08]} Qxf6 {[%emt 0:04:35]} 11. dxc5 {[%emt
0:01:20]} Nc6 {[%emt 0:03:25]} 12. Nf3 {[%emt 0:01:58]} Nf5 {[%emt 0:07:22]}
13. Bf2 {[%emt 0:01:24]} b6 {[%emt 0:02:01]} 14. cxb6 {[%emt 0:05:55]} axb6
{[%emt 0:00:57]} 15. Kb1 {[%emt 0:01:05]} Ba6 {[%emt 0:06:09]} 16. g4 {[%emt
0:05:43]} Nd6 {[%emt 0:01:01]} 17. Nd4 {[%emt 0:13:23]} Nb4 {[%emt 0:11:41]}
18. a3 {[%emt 0:11:11]} Bxf1 {[%emt 0:03:15]} 19. Rhxf1 {[%emt 0:01:24]} Na6
{[%emt 0:03:46]} 20. Qe1 Nc5 21. Bh4 Qf7 22. f5 exf5 23. gxf5 Rae8 24. Qg3 Bxd4
25. Qxd6 Bxc3 26. bxc3 Ne4 27. Qb4 Qg7 28. f6 Qh6 29. Be1 Qxh3 30. Qb5 Qe6 31.
Qxd5 Qxd5 32. Rxd5 Rxf6 33. Rxf6 Nxf6 34. Rd1 Ne4 35. Kb2 g5 36. c4 h5 37. Bc3
h4 0-1

[Event "DVM U20 2022"]
[Site "Münster GER"]
[Date "2022.12.29"]
[Round "6"]
[White "Hofmann, Benjamin"]
[Black "Ponomarev, Maximilian"]
[Result "1-0"]
[Termination "normal"]
[Board "5.5"]
[WhiteElo "1772"]
[BlackElo "1917"]
[WhiteClock "00:55:49"]
[BlackClock "00:56:28"]
[WhiteTeam "Schachgesellschaft Bochum 1931"]
[BlackTeam "FC Ergolding 1932 e.V."]
[PlyCount "73"]
[WhiteFideId "16270266"]
[BlackFideId "16216768"]
[EventCountry "GER"]
[EventRounds "7"]
[EventType "team-swiss"]
[EventDate "2022.12.26"]

1. e4 {[%clk 01:30:58]} {[%emt 00:00:01]} c5 {[%clk 01:30:56]} {[%emt
00:00:04]} 2. Nc3 {[%clk 01:31:22]} {[%emt 00:00:07]} Nc6 {[%clk 01:31:21]}
{[%emt 00:00:05]} 3. f4 {[%clk 01:31:41]} {[%emt 00:00:11]} e6 {[%clk
01:30:57]} {[%emt 00:00:54]} 4. Nf3 {[%clk 01:31:53]} {[%emt 00:00:19]} d5
{[%clk 01:30:54]} {[%emt 00:00:32]} 5. Bb5 {[%clk 01:32:05]} {[%emt 00:00:17]}
Nge7 {[%clk 01:31:19]} {[%emt 00:00:05]} 6. d3 {[%clk 01:32:12]} {[%emt
00:00:23]} a6 {[%clk 01:29:58]} {[%emt 00:01:51]} 7. Bxc6 {[%clk 01:32:27]}
{[%emt 00:00:16]} Nxc6 {[%clk 01:30:24]} {[%emt 00:00:05]} 8. O-O {[%clk
01:32:26]} {[%emt 00:00:31]} Be7 {[%clk 01:30:25]} {[%emt 00:00:29]} 9. a3
{[%clk 01:31:35]} {[%emt 00:01:22]} O-O {[%clk 01:30:04]} {[%emt 00:00:50]} 10.
Ne2 {[%clk 01:29:10]} {[%emt 00:02:55]} b5 {[%clk 01:29:04]} {[%emt 00:01:30]}
11. Ng3 {[%clk 01:28:36]} {[%emt 00:01:04]} dxe4 {[%clk 01:20:12]} {[%emt
00:09:23]} 12. dxe4 {[%clk 01:28:41]} {[%emt 00:00:24]} Bb7 {[%clk 01:20:22]}
{[%emt 00:00:20]} 13. Be3 {[%clk 01:23:34]} {[%emt 00:05:33]} Qb6 {[%clk
01:17:24]} {[%emt 00:03:32]} 14. c3 {[%clk 01:21:48]} {[%emt 00:02:15]} Na5
{[%clk 01:16:35]} {[%emt 00:01:20]} 15. Ne5 {[%clk 01:20:20]} {[%emt 00:01:59]}
Rad8 {[%clk 01:13:51]} {[%emt 00:03:13]} 16. Qg4 {[%clk 01:18:19]} {[%emt
00:02:30]} f6 {[%clk 01:13:32]} {[%emt 00:00:51]} 17. Nh5 {[%clk 01:17:52]}
{[%emt 00:00:57]} g5 {[%clk 01:06:31]} {[%emt 00:07:30]} 18. fxg5 {[%clk
01:15:58]} {[%emt 00:02:25]} fxe5 {[%clk 01:06:15]} {[%emt 00:00:46]} 19. Nf6
{[%clk 01:14:50]} {[%emt 00:01:38]} Kg7 {[%clk 01:05:38]} {[%emt 00:01:07]} 20.
Qh5 {[%clk 01:14:14]} {[%emt 00:01:06]} Bxf6 {[%clk 01:03:51]} {[%emt
00:02:17]} 21. gxf6 {[%clk 01:12:49]} {[%emt 00:01:55]} Kh8 {[%clk 01:04:15]}
{[%emt 00:00:05]} 22. Bh6 {[%clk 01:12:23]} {[%emt 00:00:56]} c4 {[%clk
01:00:46]} {[%emt 00:04:00]} 23. Kh1 {[%clk 01:12:47]} {[%emt 00:00:05]} Bxe4
{[%clk 01:00:56]} {[%emt 00:00:19]} 24. Bxf8 {[%clk 01:10:47]} {[%emt
00:02:31]} Rxf8 {[%clk 01:01:12]} {[%emt 00:00:14]} 25. Qxe5 {[%clk 01:10:28]}
{[%emt 00:00:48]} Bxg2 {[%clk 01:00:34]} {[%emt 00:01:07]} 26. Kxg2 {[%clk
01:10:52]} {[%emt 00:00:06]} Rg8 {[%clk 01:01:01]} {[%emt 00:00:04]} 27. Kf3
{[%clk 01:08:23]} {[%emt 00:03:00]} Qb7 {[%clk 01:01:07]} {[%emt 00:00:24]} 28.
Ke3 {[%clk 01:03:29]} {[%emt 00:05:24]} Nc6 {[%clk 01:00:43]} {[%emt 00:00:53]}
29. Qc5 {[%clk 01:01:45]} {[%emt 00:02:14]} e5 {[%clk 00:56:46]} {[%emt
00:04:27]} 30. Rg1 {[%clk 01:01:29]} {[%emt 00:00:46]} Rd8 {[%clk 00:56:46]}
{[%emt 00:00:29]} 31. Rad1 {[%clk 01:01:44]} {[%emt 00:00:15]} Nd4 {[%clk
00:56:15]} {[%emt 00:01:02]} 32. cxd4 {[%clk 01:00:26]} {[%emt 00:01:48]} exd4
{[%clk 00:56:40]} {[%emt 00:00:05]} 33. Rxd4 {[%clk 00:58:02]} {[%emt
00:02:54]} Re8 {[%clk 00:57:01]} {[%emt 00:00:08]} 34. Kd2 {[%clk 00:58:10]}
{[%emt 00:00:22]} Qf3 {[%clk 00:57:26]} {[%emt 00:00:05]} 35. Qg5 {[%clk
00:56:39]} {[%emt 00:02:00]} c3 {[%clk 00:56:24]} {[%emt 00:01:34]} 36. Kc1
{[%clk 00:55:40]} {[%emt 00:01:29]} cxb2 {[%clk 00:56:28]} {[%emt 00:00:26]}
37. Kb1 {[%clk 00:55:49]} {[%emt 00:00:22]} 1-0

[Event "DVM U20 2022"]
[Site "Münster GER"]
[Date "2022.12.29"]
[Round "6"]
[White "Helmbrecht, Paul"]
[Black "Wichmann, Luc"]
[Result "1-0"]
[Termination "normal"]
[Board "5.6"]
[WhiteElo "1681"]
[BlackElo "1292"]
[WhiteClock "00:50:26"]
[BlackClock "00:40:36"]
[WhiteTeam "FC Ergolding 1932 e.V."]
[BlackTeam "Schachgesellschaft Bochum 1931"]
[PlyCount "47"]
[WhiteFideId "16270932"]
[BlackFideId "16274539"]
[EventCountry "GER"]
[EventRounds "7"]
[EventType "team-swiss"]
[EventDate "2022.12.26"]

1. e4 {[%clk 01:30:55]} {[%emt 00:00:04]} c6 {[%clk 01:30:49]} {[%emt
00:00:12]} 2. d4 {[%clk 01:31:20]} {[%emt 00:00:06]} d5 {[%clk 01:31:17]}
{[%emt 00:00:01]} 3. Nc3 {[%clk 01:31:44]} {[%emt 00:00:07]} dxe4 {[%clk
01:31:44]} {[%emt 00:00:02]} 4. Nxe4 {[%clk 01:32:07]} {[%emt 00:00:06]} Bf5
{[%clk 01:32:13]} {[%emt 00:00:01]} 5. Ng3 {[%clk 01:32:31]} {[%emt 00:00:07]}
Bg6 {[%clk 01:32:42]} {[%emt 00:00:01]} 6. h4 {[%clk 01:32:54]} {[%emt
00:00:07]} h5 {[%clk 01:32:34]} {[%emt 00:00:37]} 7. Nf3 {[%clk 01:33:03]}
{[%emt 00:00:21]} Nf6 {[%clk 01:32:59]} {[%emt 00:00:04]} 8. Ne5 {[%emt
00:03:34]} Be4 {[%clk 01:29:12]} {[%emt 00:00:58]} 9. Nxe4 {[%clk 01:27:24]}
{[%emt 00:06:26]} Nxe4 {[%clk 01:29:20]} {[%emt 00:00:22]} 10. Qf3 {[%emt
00:05:32]} Nf6 {[%clk 01:24:22]} {[%emt 00:05:25]} 11. Be3 {[%clk 01:20:52]}
{[%emt 00:02:03]} e6 {[%clk 01:18:01]} {[%emt 00:06:51]} 12. O-O-O {[%clk
01:21:05]} {[%emt 00:00:17]} Nbd7 {[%clk 01:17:59]} {[%emt 00:00:31]} 13. Be2
{[%clk 01:13:37]} {[%emt 00:07:59]} Qa5 {[%clk 01:13:36]} {[%emt 00:04:53]} 14.
Nxd7 {[%clk 01:12:13]} {[%emt 00:01:55]} Nxd7 {[%clk 01:13:56]} {[%emt
00:00:09]} 15. Kb1 {[%clk 01:11:41]} {[%emt 00:01:01]} Bd6 {[%clk 01:08:11]}
{[%emt 00:06:15]} 16. g4 {[%clk 01:07:55]} {[%emt 00:04:17]} Nf6 {[%clk
01:02:48]} {[%emt 00:05:52]} 17. g5 {[%clk 01:06:03]} {[%emt 00:02:23]} Nd7
{[%clk 00:57:47]} {[%emt 00:05:30]} 18. g6 {[%clk 01:05:33]} {[%emt 00:01:00]}
f6 {[%clk 00:56:50]} {[%emt 00:01:27]} 19. Bc4 {[%clk 00:58:34]} {[%emt
00:07:29]} Ke7 {[%clk 00:48:02]} {[%emt 00:09:18]} 20. Rhe1 {[%clk 00:57:11]}
{[%emt 00:01:54]} Nf8 {[%clk 00:44:45]} {[%emt 00:03:46]} 21. Bg5 {[%clk
00:52:29]} {[%emt 00:05:12]} Kd7 {[%clk 00:42:29]} {[%emt 00:02:46]} 22. Bxf6
{[%clk 00:52:10]} {[%emt 00:00:51]} Rg8 {[%clk 00:41:43]} {[%emt 00:01:14]} 23.
Be5 {[%clk 00:50:25]} {[%emt 00:02:16]} Re8 {[%clk 00:40:36]} {[%emt 00:01:34]}
24. Qf7 {[%clk 00:50:26]} {[%emt 00:00:31]} 1-0